Patterns of coping and adaptation among erosion-induced displacees in Bangladesh: implications for hazard analysis and mitigation (Record no. 58155)

000 -LEADER
fixed length control field 00497pab a2200169 454500
008 - FIXED-LENGTH DATA ELEMENTS--GENERAL INFORMATION
fixed length control field 180718b2003 xxu||||| |||| 00| 0 eng d
100 ## - MAIN ENTRY--PERSONAL NAME
Personal name Hutton, David
245 ## - TITLE STATEMENT
Title Patterns of coping and adaptation among erosion-induced displacees in Bangladesh: implications for hazard analysis and mitigation
260 ## - PUBLICATION, DISTRIBUTION, ETC.
Date of publication, distribution, etc. 2003
300 ## - PHYSICAL DESCRIPTION
Extent p.405-21.
362 ## - DATES OF PUBLICATION AND/OR SEQUENTIAL DESIGNATION
Dates of publication and/or sequential designation Jul
650 ## - SUBJECT ADDED ENTRY--TOPICAL TERM
Topical term or geographic name entry element Erosion - Bangladesh
650 ## - SUBJECT ADDED ENTRY--TOPICAL TERM
Topical term or geographic name entry element Erosion
700 ## - ADDED ENTRY--PERSONAL NAME
Personal name Haque, C. Emdad
773 ## - HOST ITEM ENTRY
Main entry heading Natural Hazards
909 ## -
-- 58155
Holdings
Withdrawn status Lost status Damaged status Not for loan Permanent Location Current Location Date acquired Serial Enumeration / chronology Barcode Date last seen Price effective from Koha item type
        Indian Institute of Public Administration Indian Institute of Public Administration 2018-07-19 Volume no: 29, Issue no: 3 AR58600 2018-07-19 2018-07-19 Articles

Powered by Koha